Taylor Swift mystery lyrics #5 - Statistics

General Stats
  • This quiz has been taken 160 times
    122 since last reset
  • The average score is 228 of 345
Answer Stats
Answer % Correct
a
99%
I
99%
the
98%
you
98%
You
98%
and
95%
And
95%
It
94%
it
94%
on
94%
To
94%
to
94%
in
91%
my
91%
Your
91%
your
91%
me
89%
be
88%
do
88%
it's
88%
It's
88%
when
88%
is
85%
so
85%
So
85%
don't
82%
Don't
82%
if
81%
of
81%
you're
81%
You're
81%
like
80%
no
80%
that
80%
they
80%
this
80%
Just
79%
just
79%
could
78%
Could
78%
ever
78%
Oh
75%
But
74%
one
74%
too
74%
up
74%
up.
74%
for
73%
have
73%
never
73%
Never
73%
all
72%
what
72%
off
68%
said
68%
At
66%
her
66%
I'd
66%
would
65%
'cause
64%
can't
62%
grow
62%
night
62%
want
62%
way
62%
am
59%
everything
55%
hand's
55%
little
55%
stay
55%
will
54%
got
53%
around
51%
car
51%
let
51%
wanna
51%
give
49%
heart
49%
out
49%
though
49%
won't
49%
darlin'
48%
nothing
48%
she's
48%
make
46%
finger
45%
light
45%
new
45%
hurt
44%
much
44%
quiet
44%
try
44%
wrapped
44%
drop
42%
room
42%
simple
42%
Take
42%
than
42%
there's
42%
world
42%
break
41%
gettin'
41%
gonna
41%
here
41%
tonight
41%
thought
40%
turn
40%
big
39%
even
39%
everything's
39%
tuck
39%
apartment
38%
city
38%
favorite
38%
own
38%
school
38%
wait
38%
Wish
38%
wish
38%
gone
36%
nobody
36%
dad
35%
funny
35%
home
35%
ready
35%
getting
34%
remember
34%
Remember
34%
dropped
33%
grown
33%
honey
33%
older
33%
someday
33%
mom's
32%
move
32%
movies
32%
myself
32%
one's
32%
still
32%
block
31%
call
31%
desert
31%
droppin'
31%
childhood
29%
dance
29%
mind
29%
words
29%
fourteen
28%
gets
28%
left
27%
mortified
27%
PJs
27%
regret
27%
colder
26%
eyelids
26%
lose
26%
nightlight
26%
pictures
26%
brother's
25%
footsteps
25%
shots
25%
songs
25%
dreamin'
24%
flutter
24%
realized
24%
sounded
21%
scarred
20%
Memorize
19%
burned
18%
Nothing's
15%
No matching quizzes found
Score Distribution
Percent of People with Each Score
Percentile by Number Answered
Your Score History
You have not taken this quiz since the last reset